Detalles MARC
| 000 -LIDER |
| fixed length control field |
01097nam a2200301 a 4500 |
| 001 - NÚMERO DE CONTROL |
| Identificador de número de control |
|
| 003 - IDENTIFICACDOR DE NÚMERO DE CONTROL |
| control field |
DO-SdBNP |
| 005 - DATE AND TIME OF LATEST TRANSACTION |
| control field |
20220302112309.0 |
| 008 - ELEMENTOS DE LONGITUD FIJA |
| fixed length control field |
110224s2017 dr 000 p spa d |
| 020 ## - ISBN |
| International Standard Book Number |
9789945503036 |
| 040 ## - FUENTE DE CATALOGACIÓN |
| Agencia que crea de manera original el registro |
DO-SdBNP |
| Idioma de catalogación |
spa |
| Agencia que realiza la transcripción |
BPMSU |
| 082 ## - NÚMERO DE CLASIFICACIÓN DECIMAL DE DEWEY |
| Classification number |
RD861.44 |
| Item number |
S194p 2017 |
| Edition number |
22 |
| 100 1# - ASIENTO PRINCIPAL -- NOMBRE PERSONAL |
| Nombre personal |
Sánchez Lamouth, Juan |
| Fechas asociadas con el nombre |
1929-1968 |
| 245 10 - MENCIÓN DE TITULO |
| Título |
Presencia de los frutos : |
| Subtítulo |
(selección poética) / |
| Mención de responsabilidad |
Juan Sánchez Lamouth ; prólogo Manuel García Cartagena ; selección Cayo Claudio Espinal, José Enrique García. |
| 260 ## - PUBLICACIÓN, DISTRIBUCIÓN, ETC. (PIE DE IMPRENTA) |
| Lugar de publicación, distribución, etc |
Santo Domingo : |
| Nombre del editor, distribuidor, etc. |
Ministerio de cultura, |
| Fecha de publicación, distribución, etc |
2017. |
| 300 ## - DESCRIPCIÓN FÍSICA |
| Extensión |
164 p. ; |
| Dimensiones |
20 cm. |
| 490 0# - MENCIÓN DE SERIES |
| Mención de serie |
Biblioteca dominicana básica ; |
| -- |
poesía |
| Volume/sequential designation |
2 |
| 490 1# - MENCIÓN DE SERIES |
| Mención de serie |
Poesía |
| 500 ## - NOTA GENERAL |
| Nota general |
Incluye datos biográficos del autor en las solapas. |
| 590 ## - NOTA LOCAL |
| Texto de la nota local |
Inventariado, 2021/VM |
| 650 #4 - ENCABEZAMIENTO DE MATERIA--TEMÁTICO |
| Término temático o nombre geográfico como elemento de entrada |
Poesía dominicana |
| Subdivisión de forma |
Colecciones |
| 650 #4 - ENCABEZAMIENTO DE MATERIA--TEMÁTICO |
| Término temático o nombre geográfico como elemento de entrada |
Literatura dominicana |
| 700 1# - ASIENTO SECUNDARIO -- NOMBRE PERSONAL |
| Nombre personal |
García Cartagena, Manuel |
| Mención de responsabilidad |
prólogo |
| 700 1# - ASIENTO SECUNDARIO -- NOMBRE PERSONAL |
| Nombre personal |
Espinal,Cayo Claudio |
| Mención de responsabilidad |
Selección |
| 700 1# - ASIENTO SECUNDARIO -- NOMBRE PERSONAL |
| Nombre personal |
García, José Enrique |
| Mención de responsabilidad |
selección |
| 910 ## - VALIDACIÓN |
| Validación |
VMateo V |
| 942 ## - ADDED ENTRY ELEMENTS (KOHA) |
| Source of classification or shelving scheme |
Dewey Decimal Classification |
| Koha item type |
Libros |